000 00593nam a2200205Ia 4500
003 GCL
008 140319s9999 xx 000 0 ara d
040 _aGCL /
_cGCL
082 0 4 _a745.6191
_bه ف
100 1 _aهاشم محمد الخطاط
245 1 0 _aقواعد الخط العربى /
_cهاشم محمد الخطاط
260 _a[S.N] :
_bعالم الكتب الحديث ،
_c1986
490 _a
650 0 4 _aالخط العربى
650 0 4 _aالخط
650 0 4 _aتحسين
650 0 4 _aدراسة الخطوط
650 0 4 _aالخط النسخى
942 _2ddc
_cBK
999 _c54516
_d54516